Bytový dom

Saved in:
Bibliographic Details
Main Author: Bondra, Tomáš (Author)
Other Authors: Binek, Kamil (Thesis advisor)
Format: Manuscript Book
Language:Slovak
Published: 2016
Subjects:
Online Access:http://is.stuba.sk/zp/portal_zp.pl?podrobnosti=98590
https://opac.crzp.sk/?fn=detailBiblioForm&sid=B0ECE52FE577B8B957C26AE96922
Tags: Add Tag
No Tags, Be the first to tag this record!

MARC

LEADER 00000ntm a22000003a 4500
001 stuzp56888
003 SK-STU
005 20230615145810.5
007 ta
008 150427s2015----xo-----f-mn---000-0-slo-d
040 |a STU  |b slo 
041 0 |a slo 
100 1 |a Bondra, Tomáš  |u 010180  |4 aut  |U SvF Stavebná fakulta  |T SvF Katedra konštrukcií pozemných stavieb  |X 54608  |U V180  |Y 18  |7 54608 
242 0 1 |a Apartment building  |y eng 
245 1 0 |a Bytový dom 
260 |c 2016 
650 4 |a polyfunkcia  |2 slo 
650 4 |a Bytový dom  |2 slo 
650 4 |a objekt  |2 slo 
650 4 |a betón  |2 slo 
650 4 |a oceľ  |2 slo 
650 4 |a plochá strecha  |2 slo 
650 4 |a základová konštrukcia  |2 slo 
650 4 |a Apartment building  |2 eng 
650 4 |a object  |2 eng 
650 4 |a multi-purpose  |2 eng 
650 4 |a concrete  |2 eng 
650 4 |a steel  |2 eng 
650 4 |a flat roof  |2 eng 
650 4 |a foundation construction  |2 eng 
700 1 |a Binek, Kamil  |u 010180  |k Z3  |4 ths  |U SvF Stavebná fakulta  |T SvF Katedra konštrukcií pozemných stavieb  |X 57720  |U V180  |Y 18  |7 A000057720 
856 4 |u http://is.stuba.sk/zp/portal_zp.pl?podrobnosti=98590 
856 4 |u https://opac.crzp.sk/?fn=detailBiblioForm&sid=B0ECE52FE577B8B957C26AE96922 
SQL |a stuzp56888  |b DBP  |c SLO  |d Bytový dom  |e 54608  |f Bondra, Tomáš  |g 010180  |h 57720  |i Binek, Kamil  |j 20160621  |k 4  |l 01  |m http://is.stuba.sk/zp/portal_zp.pl?podrobnosti=98590  |n B-PSA  |o 5.1.4. pozemné stavby, 5.1.1. architektúra a urbanizmus